Statistics for Country Flags without Black or White - Picture Quiz #1

Click here to take the quiz!

General Stats

  • This quiz has been taken 1,086 times
    (998 since last reset)
  • The average score is 14 of 15

Answer Stats

Answer% Correct
Sweden
99%
China
98%
Ukraine
97%
North Macedonia
96%
Romania
96%
Bangladesh
95%
Colombia
95%
Kazakhstan
94%
Mongolia
91%
Ethiopia
88%
Lithuania
88%
Palau
85%
Armenia
83%
D.R. Congo
83%
Mali
77%

Score Distribution

Percentile by Number Answered

Percent of People with Each Score

Your Score History

You have not taken this quiz since the last reset